000 00865nam a2200265Ia 4500
003 OSt
005 20221002044123.0
006 a|||||r|||| 00| 0
007 ta
008 220930b |||||||| |||| 00| 0 eng d
020 _a8175201525 (pbk)
_cIndian Rupees 200
024 _a69976
037 _bGift, 11/11/2021,
_cReference Collections
040 _aCRL
_cCRL
_beng
041 _2eng
_aeng
082 _aa494,12,P17, Q9(RR)
100 _aSingh Youd Vir Au.
_9569019
245 0 _aBiblography of doctoral dissertations humanities 2017
260 _aNew Delhi
_bAssociation of Indian
_c2019
300 _a81p.
_ccm.
650 _aBIBLIOGRAPHY
700 _a Pani S Rama Devi Au.
_9569020
942 _ha494,12,P17, Q9(RR)
_cref
_2CC
999 _c909668
_d909668